000 00527nam a2200205Ia 4500
003 GCL
008 140319s9999 xx 000 0 eng d
040 _aGCL /
_cGCL
082 0 4 _a749.4
_bS C
100 1 _aSUNSET BOOKS
245 1 0 _aCHILDREN'S FURNITURE /
_cSUNSET BOOKS
260 _a[S.N] :
_bSUNSET PUBLISHING CARPANATION ،
_c1994
490 _aSUNSET
_v0
650 0 4 _aHOUSE FURNITURES
650 0 4 _aARTS
650 0 4 _aFURNITURE
650 0 4 _aDECORATIVE ARTS
650 0 4 _aCHILDREN - FURNITURE
942 _2ddc
_cBK
999 _c14059
_d14059